000 00845nam a2200253 a 4500
001 58308
003 BD-RjUL
005 20211209080616.0
008 161217s1990 cou b 001 0 eng
020 _a0813377501
035 _a(BD-RjUL)58432
040 _aDLC
_cDLC
_dBD-RjUL
_beng
041 _aeng
082 0 0 _a327.1740973
_223
_bSII 1990
100 1 _aSims, Jennifer E.
_9173184
245 1 0 _aIcarus restrained :
_ban intellectual history of nuclear arms control, 1945-1960 /
_cJennifer E. Sims.
260 _aBoulder, Colo. :
_bWestview Press,
_c1990.
300 _ax, 264 p. ;
_c23 cm.
504 _aIncludes bibliographical references (p. 243-253) and index.
650 0 _aNuclear arms control
_zUnited States
_xHistory.
_9173186
942 _2ddc
_cBK
999 _c58308
_d58308